| 000 | 00868nam a2200265 a 4500 | ||
|---|---|---|---|
| 001 | BRL_439 | ||
| 005 | 20190320210737.0 | ||
| 008 | 011010s1949----nyuab#####---#000-0#spa-# | ||
| 041 | _aspa | ||
| 044 | _anyu | ||
| 050 | 4 |
_aF1219.54.M59 _b.C37 1949 |
|
| 100 | 1 |
_aCaso, Alfonso, _d1896-1970 _918336 |
|
| 245 | 1 | 0 |
_aEl mapa de Teozacoalco _cpor Alfonso Caso. |
| 260 |
_a[New York] _b[s.n.] _c1949 |
||
| 300 |
_aSeparata, p. 146-181 _bil., 1 hoja plegable a color _c25 cm. |
||
| 500 | _aArtículo | ||
| 500 | _aEstado físico: restaurado, octubre 2013 ; cuadernillos sueltos dentro de una guarda | ||
| 500 | _aAu2333 | ||
| 500 | _aAl XXIX Congreso Internacional de Americanistas, New York, 1949 | ||
| 504 | _aBibliografía: p. 180-181 | ||
| 650 | 1 | 4 |
_aManuscritos mixtecos _923916 |
| 651 | 4 |
_aTeozacoalco (Oaxaca) _vMapas _923917 |
|
| 902 | _aGRL | ||
| 942 |
_2lcc _cB |
||
| 999 |
_c9251 _d9251 |
||